000 00806nam a22002057a 4500
999 _c18997
_d18997
003 AR-CdUCM
008 190516b ||||| |||| 00| 0 spa d
040 _aMUNICIPALIDAD PROVINCIAL DEL CUSCO
_cBIBLIOTECA MUNICIPAL DEL CUSCO
082 _a658 /
_bES88
100 _aEspinoza Simón Andrade
_940010
245 _aEvaluación empresarial /
260 _aLima :
_bLucero,
_c1994.
300 _a293 paginas ;
_bCuadros, diagramas,
_c21 cm.
505 _aContenido :Principios de evaluación -- Instrumentos de evaluación -- Técnicas de evaluación -- Evaluación empresarial -- Evaluación empresarial económica ....
650 _aEvaluación financiera
_940011
650 _aRiesgo empresarial
_940012
650 _aSensibilidad empresarial
_940013
942 _2ddc
_cLIBROS
945 _awnts
_d2019-05-16